[Event "Gibraltar Masters 2019"]
[Site "Caleta ENG"]
[Date "2019.01.23"]
[Round "2.50"]
[White "Werle,J"]
[Black "Solomon,K"]
[Result "1-0"]
[WhiteElo "2541"]
[BlackElo "2413"]

1.Nf3 Nf6 2.c4 e6 3.Nc3 d5 4.d4 Be7 5.Bg5 h6 6.Bh4 O-O 7.e3 Nbd7 8.Rc1 c5
9.cxd5 Nxd5 10.Bxe7 Nxe7 11.Be2 b6 12.O-O Bb7 13.Nb5 Nf5 14.Bd3 a6 15.Bxf5 axb5
16.Bb1 Qe7 17.e4 Rfd8 18.Qe2 b4 19.Rfd1 e5 20.dxc5 bxc5 21.h3 Nf8 22.Rxd8 Rxd8
23.Qe3 c4 24.a3 bxa3 25.bxa3 Ra8 26.Rc3 Ba6 27.Ba2 Rc8 28.Qb6 Ra8 29.Qc6 Bb7
30.Qxc4 Rc8 31.Qb3 Rxc3 32.Qxc3 Bxe4 33.Nxe5 Bg6 34.a4 Qd8 35.Bb3 Kh7 36.a5 Qf6
37.Qe3 Qa6 38.Qc5 Qe2 39.Nxg6 Nxg6 40.Bxf7 Ne5 41.Bb3  1-0

[Event "Gibraltar Masters 2019"]
[Site "Caleta ENG"]
[Date "2019.01.23"]
[Round "2.49"]
[White "Zuo,Yifan"]
[Black "Koneru,H"]
[Result "1/2-1/2"]
[WhiteElo "2298"]
[BlackElo "2541"]

1.d4 Nf6 2.Nf3 e6 3.c4 b6 4.g3 Bb4+ 5.Bd2 Bxd2+ 6.Qxd2 Ba6 7.Qc2 c5 8.Bg2 Bb7
9.O-O cxd4 10.Nxd4 Bxg2 11.Kxg2 O-O 12.Nc3 Qc8 13.b3 Nc6 14.Qd2 Rd8 15.Rac1 Qb7
16.Nxc6 dxc6 17.Qc2 c5+ 18.Kg1 h5 19.Rcd1 Qe7 20.Rxd8+ Rxd8 21.Rd1 Rd7 22.Rxd7 Qxd7
23.Qd1 Qxd1+ 24.Nxd1 Kf8 25.f3 Ke7 26.Kf2 Nd7 27.Nc3 Ne5 28.Ke3 Kd7 29.Na4 Kd6
30.Nb2 Nc6 31.Nd3 Nd4  1/2-1/2

[Event "Gibraltar Masters 2019"]
[Site "Caleta ENG"]
[Date "2019.01.23"]
[Round "2.48"]
[White "Santos Ruiz,Miguel"]
[Black "Wemmers,X"]
[Result "1-0"]
[WhiteElo "2543"]
[BlackElo "2418"]

1.d4 Nf6 2.c4 e6 3.Nc3 Bb4 4.Qc2 b6 5.e4 c5 6.d5 Qe7 7.Ne2 exd5 8.exd5 O-O
9.Bg5 Ba6 10.O-O-O Bxc4 11.Ng3 Bxf1 12.Nf5 Qd8 13.Ne4 Ba6 14.Bxf6 gxf6 15.Qb3 Kh8
16.Ned6  1-0

[Event "Gibraltar Masters 2019"]
[Site "Caleta ENG"]
[Date "2019.01.23"]
[Round "2.47"]
[White "Bulmaga,I"]
[Black "Kunin,V"]
[Result "1-0"]
[WhiteElo "2407"]
[BlackElo "2544"]

1.e4 e5 2.Nf3 d6 3.d4 exd4 4.Qxd4 Nc6 5.Bb5 Bd7 6.Bxc6 Bxc6 7.Nc3 Nf6 8.Bg5 Be7
9.O-O-O O-O 10.Rhe1 Re8 11.Qd2 h6 12.Bf4 Bf8 13.Qd3 Qc8 14.Nd4 Bd7 15.h3 a6
16.g4 b5 17.g5 Nh5 18.Bd2 hxg5 19.Bxg5 g6 20.Nd5 c5 21.Ne2 c4 22.Qf3 Bg7
23.Nef4 Nxf4 24.Qxf4 Re6 25.Nf6+ Bxf6 26.Bxf6 b4 27.Qh4 Rxf6 28.Qxf6 b3 29.axb3 cxb3
30.c3 Be8 31.h4 Qd8 32.Qxd8 Rb8 33.Qc8 Rxc8 34.Rd4 Rd8 35.Red1 a5 36.Rxd6 Rc8
37.R1d5 Kf8 38.Rb6 Ke7 39.Ra6 a4 40.Kd2 Bc6 41.Rc5 Rd8+ 42.Ke3 Be8 43.Rd5 Rb8
44.c4 Rc8 45.Ra7+ Kf6 46.Kd4 Bc6 47.Rd6+ Kg7 48.e5 Kh6 49.Ra6 Be8 50.Ra5 Rc7
51.Kd5 Kh5 52.c5 Bd7 53.c6 Be6+ 54.Rxe6 fxe6+ 55.Kd6 a3 56.Rxa3 Rc8 57.c7  1-0

[Event "Gibraltar Masters 2019"]
[Site "Caleta ENG"]
[Date "2019.01.23"]
[Round "2.46"]
[White "Kadric,D"]
[Black "Bjerre,Jonas Buhl"]
[Result "1-0"]
[WhiteElo "2545"]
[BlackElo "2422"]

1.e4 c5 2.Nc3 a6 3.Nge2 d6 4.g3 Nf6 5.Bg2 Nc6 6.O-O g6 7.d4 cxd4 8.Nxd4 Nxd4
9.Qxd4 Bg7 10.Bg5 h6 11.Be3 O-O 12.Qd2 Ng4 13.Bd4 e5 14.Be3 Nxe3 15.Qxe3 Be6
16.Rfd1 Rc8 17.Rac1 Rc6 18.Nd5 Bxd5 19.Rxd5 Qb6 20.Qxb6 Rxb6 21.b3 Rc8 22.c4 Rc5
23.Rxc5 dxc5 24.Rd1 Bf8 25.Rd7 Bd6 26.Rd8+ Kg7 27.Bh3 Be7 28.Rd5 Bd6 29.Bc8 Kf6
30.Bxb7 Ke7 31.Ba8 Rb8 32.Bc6 Rb6 33.Ba4 Ke6 34.Kg2 Rb8 35.Rd3 Rc8 36.f4 Rd8
37.Bc6 exf4 38.gxf4 f6 39.Bd5+ Ke7 40.Rg3 g5 41.e5 fxe5 42.fxg5 hxg5 43.Rxg5 Kf6
44.h4 Bf8 45.Kf3 Bh6 46.Rh5 Bd2 47.Kg4 Re8 48.Rf5+ Kg7 49.Rf7+ Kh8 50.Kf5 e4
51.Rd7 e3 52.Kg6 Rg8+ 53.Bxg8 e2 54.Bd5 e1=Q 55.Rh7+  1-0

[Event "Gibraltar Masters 2019"]
[Site "Caleta ENG"]
[Date "2019.01.23"]
[Round "2.39"]
[White "Szczepkowska Horowska,K"]
[Black "Yuffa,D"]
[Result "1/2-1/2"]
[WhiteElo "2426"]
[BlackElo "2578"]

1.d4 Nf6 2.c4 e6 3.Nf3 Bb4+ 4.Bd2 Qe7 5.g3 Bxd2+ 6.Qxd2 Nc6 7.Nc3 d5 8.cxd5 exd5
9.Bg2 O-O 10.O-O Bg4 11.Rac1 Rfe8 12.h3 Bh5 13.g4 Bg6 14.Ne5 Rad8 15.f4 Be4
16.e3 Bxg2 17.Qxg2 Qe6 18.Nb5 Qe7 19.Nc3 Qe6 20.Nb5 Qe7 21.Nc3 Qe6  1/2-1/2

[Event "Gibraltar Masters 2019"]
[Site "Caleta ENG"]
[Date "2019.01.23"]
[Round "2.44"]
[White "Lagno,Kateryna"]
[Black "Kozak,Adam"]
[Result "1-0"]
[WhiteElo "2560"]
[BlackElo "2425"]

1.e4 c5 2.Nf3 d6 3.d4 cxd4 4.Nxd4 Nf6 5.Nc3 a6 6.Be2 e5 7.Nf3 Be7 8.Bg5 Nbd7
9.a4 O-O 10.O-O h6 11.Be3 Qc7 12.Nd2 b6 13.Nc4 Bb7 14.f3 Rab8 15.Qd2 Rfd8
16.Rfd1 Ba8 17.Bf2 d5 18.Nxd5 Nxd5 19.exd5 Bc5 20.Bxc5 Qxc5+ 21.Qe3 Bxd5
22.Qxc5 Nxc5 23.Nxe5 a5 24.Bb5 Kf8 25.Rd2 Be6 26.Rad1 Rxd2 27.Rxd2 g5 28.b3 Rb7
29.Kf2 Rc7 30.Nc6 Nb7 31.Nd4 Ke7 32.Nxe6 fxe6 33.Bd3 Nd6 34.g3 Rc5 35.f4 gxf4
36.gxf4 Rd5 37.Kf3 Nf5 38.Rd1 Kf6 39.Rg1 Ne7 40.Be4 Rd2 41.Rg2 Rd1 42.Bd3 Rh1
43.Rd2 Nf5 44.Kg2 Re1 45.Kf2 Rh1 46.Kf3 Nd4+ 47.Kg4 Rg1+ 48.Kh5 Nf5 49.Bxf5 Kxf5
50.Rd6 Rg2 51.h4 Rg6 52.Rxb6 Rf6 53.b4 Kxf4 54.bxa5 Kf5 55.a6 Rf8 56.Kxh6 Rh8+
57.Kg7 Rxh4 58.Rb5+ e5 59.Ra5 Rg4+ 60.Kf7 Rc4 61.a7 Rc7+ 62.Ke8  1-0

[Event "Gibraltar Masters 2019"]
[Site "Caleta ENG"]
[Date "2019.01.23"]
[Round "2.38"]
[White "Peralta,Fe"]
[Black "Tomazini,Z"]
[Result "1-0"]
[WhiteElo "2580"]
[BlackElo "2439"]

1.d4 Nf6 2.c4 e6 3.Nc3 Bb4 4.e3 c5 5.Bd3 Bxc3+ 6.bxc3 d6 7.Ne2 Nc6 8.O-O e5
9.Ng3 O-O 10.d5 Ne7 11.f4 exf4 12.exf4 Ng6 13.f5 Ne5 14.Bg5 h6 15.Bh4 g5
16.fxg6 fxg6 17.Qd2 Nxd3 18.Qxh6 Ne5 19.Rxf6 Rxf6 20.Nh5 gxh5 21.Bxf6 Qf8
22.Qg5+ Kh7 23.Bxe5 dxe5 24.Rf1 Qxf1+ 25.Kxf1 Bg4 26.h3 Rf8+ 27.Ke1 Bf5 28.Qxh5+ Kg8
29.Qg5+ Kh7 30.g4 Bd3 31.Qxe5 b5 32.cxb5 c4 33.d6 Rf1+ 34.Kd2 Rf2+ 35.Ke3  1-0

[Event "Gibraltar Masters 2019"]
[Site "Caleta ENG"]
[Date "2019.01.23"]
[Round "2.37"]
[White "Mikhalevski,V"]
[Black "Lei Tingjie"]
[Result "1-0"]
[WhiteElo "2581"]
[BlackElo "2447"]

1.Nf3 d5 2.g3 g6 3.Bg2 Bg7 4.d4 Nf6 5.c4 c6 6.Qb3 O-O 7.Nc3 Qb6 8.O-O Rd8
9.Bd2 Bf5 10.Na4 Qxb3 11.axb3 Na6 12.Rfc1 Ne8 13.Ba5 Rdc8 14.Ne5 Be6 15.e3 Nd6
16.Bf1 dxc4 17.bxc4 c5 18.b3 Rab8 19.Bc3 Ne4 20.Bb2 Nd2 21.Ra3 cxd4 22.exd4 Nxf1
23.Kxf1 Bxe5 24.dxe5 b5 25.cxb5 Rxc1+ 26.Bxc1 Rxb5 27.Nb2 Rxb3 28.Rxa6 Rxb2
29.Rxe6 Rc2 30.Rxe7 Rxc1+ 31.Kg2 a5 32.Ra7 Rc5 33.f4 Rc2+ 34.Kh3 Ra2 35.g4 Ra3+
36.Kg2 Ra2+ 37.Kf3 Rxh2 38.f5 gxf5 39.gxf5 Kf8 40.Kf4 h6 41.f6 Ke8 42.Ra8+ Kd7
43.Rf8 a4 44.Rxf7+ Ke6 45.Re7+ Kd5 46.Rd7+ Ke6 47.Rd6+ Kf7 48.Ra6 Rh1 49.Ra7+ Ke6
50.Re7+ Kd5 51.Kf5 Rf1+ 52.Kg6 a3 53.Ra7 Kxe5 54.Ra5+ Ke6 55.Ra6+ Kd7 56.Rxa3 Rg1+
57.Kf7 h5 58.Rd3+ Kc7 59.Rh3 Kd6 60.Rxh5 Ra1 61.Rf5 Rg1 62.Rf2 Ra1 63.Kg7 Rg1+
64.Kf8  1-0

[Event "Gibraltar Masters 2019"]
[Site "Caleta ENG"]
[Date "2019.01.23"]
[Round "2.41"]
[White "Kavutskiy,K"]
[Black "Ramirez,Alej"]
[Result "1/2-1/2"]
[WhiteElo "2424"]
[BlackElo "2567"]

1.d4 e6 2.c4 b6 3.a3 Bb7 4.Nc3 d5 5.cxd5 exd5 6.g3 Nf6 7.Bg2 c6 8.Nf3 Bd6
9.O-O Nbd7 10.Qc2 O-O 11.e4 dxe4 12.Ng5 Be7 13.Ngxe4 Nxe4 14.Qxe4 Nf6 15.Qd3 Qd7
16.Bf4 Rad8 17.Rad1 Rfe8 18.Rfe1 h6 19.Qf1 Bd6 20.Be5 Qf5 21.Bxf6 Rxe1 22.Qxe1 Qxf6
23.Ne4 Qe6 24.Nxd6 Rxd6 25.Qxe6 Rxe6 26.Bf3 Kf8 27.Kg2 Rd6 28.Be4 Ke7 29.f4 Re6
30.Bf3 Kd6 31.Kf2 Re7 32.Re1 Rxe1  1/2-1/2

[Event "Gibraltar Masters 2019"]
[Site "Caleta ENG"]
[Date "2019.01.23"]
[Round "2.40"]
[White "Ju Wenjun"]
[Black "Raja,Rithvik R"]
[Result "1-0"]
[WhiteElo "2575"]
[BlackElo "2431"]

1.e4 c5 2.Nf3 d6 3.Bb5+ Nd7 4.c3 Nf6 5.Bd3 g6 6.Bc2 Bg7 7.d4 O-O 8.a4 b6
9.O-O Bb7 10.Re1 Rc8 11.Na3 a6 12.h3 Qc7 13.Qe2 e5 14.d5 h6 15.Bd3 Ra8 16.Nc2 Kh7
17.Ne3 b5 18.c4 b4 19.g3 Rae8 20.Bd2 a5 21.Kg2 Bc8 22.Rh1 Nb6 23.h4 Nh5 24.Bc2 Kg8
25.Nh2 Nf6 26.b3 h5 27.Rag1 Kh7 28.Nf3 Rh8 29.Ng5+ Kg8 30.f3 Nh7 31.Kf1 Qe7
32.Nh3 Nf6 33.Nf2 Bh6 34.Ke1 Rh7 35.Kd1 Kh8 36.Bc1 Rg8 37.Bb2 Re8 38.f4 exf4
39.Qf3 fxe3 40.Bxf6+ Kg8 41.Bxe7 exf2 42.Qxf2 Rxe7 43.g4 Bxg4+ 44.Rxg4 hxg4
45.Qg3 Re5 46.Qxg4 Bg7 47.Rf1 Bf8 48.Rf5 Rh5 49.Qf3 Rxh4 50.Rxf7 Rh1+ 51.Qxh1 Kxf7
52.Qf3+ Kg7 53.Qg4 Be7 54.Bd3 Bf6 55.Qg3 Be7 56.Be2 Rg5 57.Qh3 Re5 58.Bf3 Bf6
59.Qg3 Be7 60.Bg4 Bg5 61.Be6 Na8 62.Qf3 Bf6 63.Qf4 Nb6 64.Kc2 Na8 65.Kd3 Nb6
66.Qg3 Bg5 67.Qg4 Na8 68.Bf5 Kf6 69.Bxg6 Kxg6 70.Qd7 Be7 71.Qb7 Kf6 72.Qxa8 Rh5
73.Qg8 Rh3+ 74.Kc2 Rh2+ 75.Kd1  1-0

[Event "Gibraltar Masters 2019"]
[Site "Caleta ENG"]
[Date "2019.01.23"]
[Round "2.34"]
[White "Tokhirjonova,Gulrukhbegim"]
[Black "Vaibhav,S"]
[Result "0-1"]
[WhiteElo "2446"]
[BlackElo "2590"]

1.e4 c6 2.d4 d5 3.e5 c5 4.Nf3 cxd4 5.Nxd4 Nc6 6.c4 e6 7.Nc3 Bc5 8.Nxc6 bxc6
9.Qg4 Ne7 10.Qxg7 Ng6 11.Be2 Bf8 12.Qf6 Be7 13.Qf3 d4 14.Ne4 Qa5+ 15.Bd2 Qxe5
16.O-O O-O 17.Bd3 Rb8 18.b3 f5 19.Ng5 Qg7 20.Qh5 e5 21.f3 c5 22.b4 Nf4 23.Bxf4 exf4
24.Nh3 Rb6 25.Rfe1 Rf7 26.Bxf5 Bxf5 27.Rxe7 Rxe7 28.Qxf5 Rf7 29.Qd5 Rg6 30.Nxf4 Rg5
31.Qe4 Re5 32.Ne6 Rxe4 33.Nxg7 Re5  0-1

[Event "Gibraltar Masters 2019"]
[Site "Caleta ENG"]
[Date "2019.01.23"]
[Round "2.35"]
[White "Antipov,M2"]
[Black "Sadhwani,Raunak"]
[Result "1/2-1/2"]
[WhiteElo "2589"]
[BlackElo "2451"]

1.e4 e5 2.Nf3 Nf6 3.Nc3 Nc6 4.Bb5 Bb4 5.O-O O-O 6.Nd5 Nxd5 7.exd5 Nd4 8.Nxd4 exd4
9.Qg4 Qf6 10.a3 d6 11.Qg3 Ba5 12.b4 a6 13.Bd3 Bb6 14.a4 a5 15.b5 Re8 16.Bb2 Bf5
17.Rae1 Bxd3 18.Qxd3 Re5 19.Re4 Qf5 20.Rfe1 Rae8 21.f3 Rxe4 22.Rxe4 Rxe4
23.fxe4 Qe5 24.g3 g6 25.Kf1 Qh5 26.Qe2 Qh3+ 27.Qg2 Qd7 28.Qf2 Qg4 29.Qe2 Qh3+
30.Qg2 Qg4 31.Qe2  1/2-1/2

[Event "Gibraltar Masters 2019"]
[Site "Caleta ENG"]
[Date "2019.01.23"]
[Round "2.36"]
[White "Larino Nieto,D"]
[Black "Cornette,M"]
[Result "1-0"]
[WhiteElo "2432"]
[BlackElo "2587"]

1.Nf3 d5 2.b3 Nf6 3.Bb2 c5 4.e3 e6 5.c4 Nc6 6.cxd5 exd5 7.Bb5 Bd6 8.O-O O-O
9.d4 cxd4 10.Bxc6 bxc6 11.Qxd4 Re8 12.Nbd2 c5 13.Qd3 Ne4 14.Rfd1 Bb7 15.Nf1 Qd7
16.Ng3 Rad8 17.Nd2 f5 18.Nh5 Re6 19.Nf3 Rh6 20.Nf4 g5 21.Nxd5 Qe6 22.g3 Nxf2
23.Qc3 Nh3+ 24.Kf1 Be5 25.Nxe5 Rxd5 26.Ng4 Rg6 27.Qh8+ Kf7 28.Qxh7+ Ke8 29.Qxb7 Rxd1+
30.Rxd1 fxg4 31.Qb8+ Kf7 32.Qc7+  1-0

[Event "Gibraltar Masters 2019"]
[Site "Caleta ENG"]
[Date "2019.01.23"]
[Round "2.33"]
[White "Svane,R"]
[Black "Hanley,C"]
[Result "1-0"]
[WhiteElo "2594"]
[BlackElo "2452"]

1.Nf3 e6 2.c4 c5 3.g3 b6 4.Bg2 Bb7 5.Nc3 Nf6 6.O-O a6 7.d4 cxd4 8.Qxd4 d6
9.Bg5 Be7 10.Bxf6 Bxf6 11.Qf4 O-O 12.Rfd1 Be7 13.Ne4 Bxe4 14.Qxe4 Ra7 15.Nd4 Rc7
16.b3 Bf6 17.a4 Qc8 18.e3 Rd8 19.Qg4 Rc5 20.Ra2 Nd7 21.Rad2 Rc7 22.Qe4 Nc5
23.Qb1 g6 24.Qa2 Nd7 25.h3 Be7 26.Rc2 Nf6 27.Rdc1 Qd7 28.a5 bxa5 29.Qxa5 e5
30.Nf3 Rb8 31.b4 Bd8 32.Qa3 Be7 33.c5 Qb5 34.Qa2 Qxb4 35.Qxa6 Qb5 36.Qa2 Rbc8
37.c6 Rxc6 38.Rxc6 Rxc6 39.Qa8+  1-0

[Event "Gibraltar Masters 2019"]
[Site "Caleta ENG"]
[Date "2019.01.24"]
[Round "3.66"]
[White "Aguilar,A"]
[Black "Lemos,D"]
[Result "0-1"]
[WhiteElo "2307"]
[BlackElo "2474"]

1.c4 c6 2.Nf3 d5 3.g3 Bg4 4.Bg2 e6 5.cxd5 Bxf3 6.Bxf3 cxd5 7.d3 Nc6 8.O-O Nf6
9.Nc3 Be7 10.Bg2 O-O 11.Bd2 Rc8 12.Qb3 Nd7 13.Rfc1 Qb6 14.Qxb6 Nxb6 15.Rab1 Rfd8
16.Kf1 Kf8 17.h4 Ke8 18.Ke1 a6 19.a3 Bf6 20.Bg5 Rd7 21.Bxf6 gxf6 22.Na2 Rdc7
23.e3 f5 24.Bf3 Ke7 25.Kd2 Kd6 26.b3 Nd7 27.Rb2 Nde5 28.Bd1 d4 29.Rbc2 dxe3+
30.Kxe3 Rg8 31.d4 Ng4+ 32.Kd3 Rgc8 33.Bxg4 fxg4 34.Nc3 f5 35.Na4 Rd8 36.Ke3 Ke7
37.Rd2 Rcd7 38.Rcd1 Rd5 39.Nc3 Ra5 40.a4 Nb4 41.f4 Rc8 42.Rc1 Kd7 43.Rdd1 Rc6
44.Ke2 Rd6 45.Ke3 Rb6 46.Rb1 Kd6 47.Rdc1 Rc6 48.Kd2 h5 49.Ra1 Rb6 50.Rab1 Nd5
51.Nxd5 Kxd5 52.Kd3 Rb4 53.Rc7 Kd6 54.Rcc1 Kd5 55.Rc7 Rxd4+ 56.Ke3 Re4+ 57.Kf2 Kd6
58.Rxb7 Rd5 59.Re1 Rd2+ 60.Kf1 Rxe1+ 61.Kxe1 Rd3 62.b4 Rxg3 63.Rb6+ Kd5 64.Rxa6 Rb3
65.b5 g3 66.Ke2 Rb2+ 67.Kf1 e5 68.fxe5 f4 69.Rg6 Kxe5 70.b6 Ke4 71.a5 Kf3
72.Ke1 g2 73.Rg5 Rb5  0-1

[Event "Gibraltar Masters 2019"]
[Site "Caleta ENG"]
[Date "2019.01.24"]
[Round "3.67"]
[White "Welling,G"]
[Black "Krishna,CRG"]
[Result "1/2-1/2"]
[WhiteElo "2299"]
[BlackElo "2469"]

1.g3 d5 2.Bg2 Nf6 3.d3 c5 4.Nf3 Nc6 5.O-O g6 6.c3 Bg7 7.a3 Bf5 8.b4 cxb4
9.axb4 a6 10.Qb3 O-O 11.Bf4 Qd7 12.Nbd2 Rac8 13.Ne5 Nxe5 14.Bxe5 Bh3 15.Nf3 Bxg2
16.Kxg2 Rfd8 17.Rfb1 Ne8 18.Bxg7 Kxg7 19.c4 dxc4 20.dxc4 Qe6 21.Qb2+ Kg8
22.c5 Nc7 23.Rd1 Rd5 24.Rxd5 Qxd5 25.Qe5 Qxe5 26.Nxe5 Nd5 27.Nd3 Kf8 28.Kf3 Ke8
29.e4 Nc3 30.Ke3 f6 31.Rc1 Nb5 32.h4 Na7 33.Rh1 h5 34.f4 Kf7 35.Rf1 Rg8 36.Rh1 Rd8
37.Rf1 Nc6 38.Rc1 Rd4 39.Rb1 Rd7 40.b5 axb5 41.Rxb5 Nd4 42.Rb2 Ne6 43.Rb4 Ke8
44.Rb2 Kf7 45.Rb4 Rd8 46.Rb5 Rd7 47.Rb4 Rc7 48.Rb6 Nxc5 49.Nxc5 Rxc5 50.Rxb7 Rc3+
51.Kf2 Ra3 52.Rb8 Ra6 53.Rd8 Ra4 54.Ke3 Ra3+ 55.Kf2 Ra4 56.Ke3 Ra3+ 57.Kf2 Ra4  1/2-1/2

[Event "Gibraltar Masters 2019"]
[Site "Caleta ENG"]
[Date "2019.01.24"]
[Round "3.68"]
[White "Pogonina,N"]
[Black "Gutierrez Olivares,D"]
[Result "1-0"]
[WhiteElo "2465"]
[BlackElo "2320"]

1.d4 Nf6 2.g3 g6 3.Bg2 d5 4.c4 c6 5.Qa4 Bg7 6.cxd5 Nxd5 7.Nf3 Nb6 8.Qa3 Bg4
9.Nbd2 O-O 10.O-O Na6 11.e3 Qd6 12.Qa5 Bf5 13.b3 Qb4 14.Qxb4 Nxb4 15.Bb2 a5
16.a4 Rfd8 17.h3 Bd3 18.Rfc1 Ba6 19.Ne4 Nd3 20.Rc2 Nd5 21.Ba3 N3b4 22.Rd2 b6
23.Bf1 h6 24.Bxa6 Rxa6 25.Rc1 Ra7 26.Nc3 Nxc3 27.Rxc3 c5 28.Bxb4 axb4 29.Rcc2 Rad7
30.dxc5 bxc5 31.Rxd7 Rxd7 32.Rxc5 Rd3 33.Rc8+ Kh7 34.Nd4 e5 35.Nc2 Rxb3 36.Rb8 Rb1+
37.Kg2 b3 38.Na3 Rb2 39.a5 Ra2 40.Rxb3 Bf8 41.Nc4 f6 42.Rb6 Kg7 43.a6 g5
44.Rc6 Kf7 45.Rc7+ Kg6 46.a7 Bd6 47.Nxd6  1-0

[Event "Gibraltar Masters 2019"]
[Site "Caleta ENG"]
[Date "2019.01.24"]
[Round "3.69"]
[White "Reuben,S"]
[Black "Vila Dupla,A"]
[Result "0-1"]
[WhiteElo "1989"]
[BlackElo "2166"]

1.c4 b6 2.Nc3 f5 3.d4 Nf6 4.Qc2 e6 5.Nf3 Bb7 6.e3 Ne4 7.Bd3 Bb4 8.O-O Bxc3
9.bxc3 O-O 10.Nd2 Qh4 11.f3 Nxd2 12.Bxd2 d6 13.e4 fxe4 14.Bxe4 Bxe4 15.fxe4 Nd7
16.g3 Qg4 17.Bf4 e5 18.Be3 Nf6 19.dxe5 dxe5 20.Rf5 Nxe4 21.Rxe5 Nxg3 22.Qg2 Ne2+
23.Kh1 Qxg2+ 24.Kxg2 Rae8 25.Bd4 c5 26.Rxe8 Rxe8 27.Bf2 Nxc3 28.Kf3 Rf8+
29.Ke3 Ne4 30.Bh4 Nd6 31.Kd3 Rf4 32.Bg3 Rd4+ 33.Kc3 Ne4+  0-1

[Event "Gibraltar Masters 2019"]
[Site "Caleta ENG"]
[Date "2019.01.24"]
[Round "3.70"]
[White "Risting,Eivind Olav"]
[Black "Cramling,P"]
[Result "1/2-1/2"]
[WhiteElo "2281"]
[BlackElo "2462"]

1.d4 Nf6 2.c4 e6 3.Nf3 d5 4.Nc3 Nbd7 5.cxd5 exd5 6.Bg5 c6 7.e3 h6 8.Bh4 g5
9.Bg3 Nh5 10.Be5 Ng7 11.Bg3 Nh5 12.Be5 Ng7 13.Bg3 Nh5 14.Be5  1/2-1/2

[Event "Gibraltar Masters 2019"]
[Site "Caleta ENG"]
[Date "2019.01.24"]
[Round "3.71"]
[White "Prithu,Gupta"]
[Black "Bellin,R"]
[Result "1-0"]
[WhiteElo "2462"]
[BlackElo "2312"]

1.e4 g6 2.d4 Bg7 3.Nf3 d6 4.Bc4 a6 5.O-O e6 6.Re1 Ne7 7.Nbd2 Nd7 8.Nf1 b5
9.Bb3 c5 10.c3 Bb7 11.Ng3 O-O 12.Be3 e5 13.Qd2 exd4 14.cxd4 cxd4 15.Bh6 Qb6
16.Rad1 Rad8 17.Nxd4 Qc5 18.Bxf7+ Rxf7 19.Bxg7 Rxg7 20.Ne6 Qb6 21.Qxd6 Nc6
22.Nxd8 Qxd8 23.e5 Qe7 24.e6 Nf8 25.f4 h5 26.f5 h4 27.Qxe7 Rxe7 28.Ne4 gxf5
29.Nc5 Rc7 30.Nd7 Bc8 31.Nf6+ Kh8 32.Nd5  1-0

[Event "Gibraltar Masters 2019"]
[Site "Caleta ENG"]
[Date "2019.01.24"]
[Round "3.65"]
[White "Gavrilescu,David"]
[Black "Povah,N"]
[Result "1-0"]
[WhiteElo "2479"]
[BlackElo "2329"]

1.e4 c5 2.Nf3 Nc6 3.Bb5 Nf6 4.Bxc6 dxc6 5.d3 Bg4 6.h3 Bh5 7.b3 Nd7 8.Bb2 Qc7
9.g4 Bg6 10.e5 e6 11.Qe2 Be7 12.Nbd2 h5 13.O-O-O Nb6 14.Ne4 O-O-O 15.c4 Kb8
16.Kb1 Nd7 17.Ka1 f6 18.exf6 gxf6 19.g5 Bxe4 20.Qxe4 e5 21.g6 Bf8 22.Nh4 Bg7
23.Nf5 Nf8 24.f4 Re8 25.fxe5 fxe5 26.Rde1 Ka8 27.Nxg7 Qxg7 28.Bxe5 Qxg6 29.Qxg6 Nxg6
30.Bxh8 Rxh8 31.Re4  1-0

[Event "Gibraltar Masters 2019"]
[Site "Caleta ENG"]
[Date "2019.01.24"]
[Round "3.63"]
[White "Goriatchkin,J"]
[Black "Repka,C"]
[Result "0-1"]
[WhiteElo "2325"]
[BlackElo "2491"]

1.d4 e6 2.c4 b6 3.e4 Bb7 4.Bd3 f5 5.exf5 Bb4+ 6.Kf1 Nf6 7.h4 O-O 8.Bg5 Nc6
9.Nf3 Ne7 10.c5 bxc5 11.a3 c4 12.Bxc4 Ba5 13.fxe6 dxe6 14.Bxe6+ Kh8 15.Nc3 Qd6
16.d5 Nexd5 17.Nxd5 Nxd5 18.Bg4 Rae8 19.Kg1 Re4 20.Nd2 Rd4 21.Bf3 Bxd2 22.Bxd2 Nf4
23.Bb4 c5  0-1

[Event "Gibraltar Masters 2019"]
[Site "Caleta ENG"]
[Date "2019.01.24"]
[Round "3.64"]
[White "Henderson de La Fuente,Lance"]
[Black "Tate,A"]
[Result "1-0"]
[WhiteElo "2489"]
[BlackElo "2335"]

1.e4 e5 2.Nf3 Nc6 3.Bc4 Nf6 4.d3 h6 5.Nc3 d6 6.a3 g6 7.h3 Bg7 8.Be3 Qe7 9.Qd2 Be6
10.O-O-O a6 11.Nd5 Qd8 12.Rhe1 Bxd5 13.exd5 Ne7 14.d4 e4 15.Nh2 Nexd5 16.Bxd5 Nxd5
17.f3 Nxe3 18.Qxe3 O-O 19.fxe4 c5 20.dxc5 Qf6 21.c3 dxc5 22.Ng4 Qh4 23.Qxc5 h5
24.Qf2 Qe7 25.Nh2 Rac8 26.Kb1 Bxc3 27.bxc3 Rxc3 28.Qb2 Rfc8 29.Nf3 Rc2 30.Qxc2 Rxc2
31.Kxc2 Qxa3 32.Ra1 Qc5+ 33.Kd3 a5 34.Rec1 Qd6+ 35.Ke3 b5 36.e5 Qb6+ 37.Nd4 a4
38.Rc8+ Kg7 39.Rc6 Qb8 40.Rc5 Qb7 41.Ra2 b4 42.Rb5 Qc7 43.Rxa4 Qc3+ 44.Ke4 Qd2
45.Raxb4 Qxg2+ 46.Nf3 Qxh3 47.Rb7 Qf5+ 48.Ke3 g5 49.Rc7 h4 50.Re4 Qe6 51.Rcc4 Kh6
52.Red4 Kh5 53.Re4 Qb6+ 54.Rcd4 Qb3+ 55.Kf2 Qc2+ 56.Re2 Qf5 57.e6 fxe6 58.Re5 Qc2+
59.Rd2 Qa4 60.Rxg5+ Kh6 61.Re2 Qa7+ 62.Kg2 Qf7 63.Re4  1-0

[Event "Gibraltar Masters 2019"]
[Site "Caleta ENG"]
[Date "2019.01.24"]
[Round "3.74"]
[White "Hanley,C"]
[Black "Antova,Gabriela"]
[Result "0-1"]
[WhiteElo "2452"]
[BlackElo "2263"]

1.e4 c5 2.Nf3 d6 3.d4 cxd4 4.Nxd4 Nf6 5.Nc3 a6 6.Be3 e6 7.Qf3 Nbd7 8.Be2 Be7
9.g4 Ne5 10.Qg2 Qc7 11.g5 Nfd7 12.f4 Nc4 13.Bxc4 Qxc4 14.O-O-O b5 15.e5 d5
16.g6 hxg6 17.Nxe6 fxe6 18.Qxg6+ Kd8 19.f5 b4 20.Nxd5 exd5 21.Qxg7 Re8 22.Kb1 Bb7
23.e6 Nf6 24.Bd4 Rc8 25.Ka1 Ng8 26.Bb6+ Rc7 27.Rhg1 Nf6 28.Qh6 Kc8 29.Rd4 Qc6
30.Bxc7 Qxc7 31.Re1 Ne4 32.Qh5 Rf8 33.f6 Rxf6 34.Rxd5 Bxd5 35.Qxd5 Qb7 36.Qc4+ Kb8
37.a3 Nd6 38.Qd4 bxa3 39.bxa3 Rf5 40.c3 Rb5  0-1

[Event "Gibraltar Masters 2019"]
[Site "Caleta ENG"]
[Date "2019.01.24"]
[Round "3.75"]
[White "Lei Tingjie"]
[Black "Bliumberg,V"]
[Result "1-0"]
[WhiteElo "2447"]
[BlackElo "2253"]

1.d4 d5 2.c4 dxc4 3.e4 e5 4.Nf3 exd4 5.Bxc4 Nc6 6.O-O Bc5 7.Ng5 Nh6 8.Nxf7 Nxf7
9.Bxf7+ Kxf7 10.Qh5+ g6 11.Qxc5 Qd6 12.Qg5 h6 13.Qh4 Qe7 14.Qf4+ Kg7 15.Nd2 Be6
16.b3 Rad8 17.Qg3 Kh7 18.f4 Rhg8 19.Bb2 Nb4 20.Nf3 c5 21.Ne5 Bd7 22.Rae1 a5
23.a3 Nc6 24.Nf3 Be6 25.Bc1 a4 26.Ng5+ hxg5 27.f5 Rgf8 28.Bxg5 Qg7 29.Bxd8 Rxd8
30.fxe6 Ne5 31.Qh4+  1-0

[Event "Gibraltar Masters 2019"]
[Site "Caleta ENG"]
[Date "2019.01.24"]
[Round "3.76"]
[White "Benmesbah,N"]
[Black "Tokhirjonova,Gulrukhbegim"]
[Result "1-0"]
[WhiteElo "2252"]
[BlackElo "2446"]

1.e4 e5 2.Nf3 Nc6 3.Bc4 Bc5 4.d3 Nf6 5.O-O d6 6.c3 a6 7.Bb3 Ba7 8.Re1 h6
9.Nbd2 Ng4 10.Re2 O-O 11.h3 Nf6 12.Re1 Nh5 13.Nf1 Qf6 14.Be3 Nf4 15.d4 Re8
16.Ng3 g6 17.a4 h5 18.Bc2 h4 19.Nf1 a5 20.N1h2 Ne7 21.Ng4 Bxg4 22.hxg4 c5
23.d5 h3 24.g5 Qh8 25.Bxf4 exf4 26.Qd2 h2+ 27.Kh1 c4 28.Qxf4 Bxf2 29.Rf1 Bc5
30.Ne5 f5 31.gxf6 dxe5 32.f7+ Kh7 33.Qh4+ Kg7 34.Qf6+ Kh6 35.fxe8=Q Rxe8
36.Qh4+ Kg7 37.Qg5 Ng8 38.Rf3 Qh6 39.Qxh6+ Nxh6 40.Kxh2 Rd8 41.Kg3 Rd6 42.Rb1 Ng8
43.b3 cxb3 44.Rxb3 b6 45.Rb1 Nf6 46.Rbf1 Nh5+ 47.Kh2 Rd7 48.g3 Bd6 49.Bd3 Rc7
50.Bb5 Re7 51.Kg2 Rc7 52.Bc6 Bc5 53.Be8 Kh6 54.Rf7 Rc8 55.Bd7 Rd8 56.Bg4 Ba3
57.Rh1 Bb2 58.Bxh5 gxh5 59.Rf6+ Kg5 60.Rhf1 Rg8 61.R1f5+ Kg4 62.Rxe5 Bc1
63.Ree6  1-0

[Event "Gibraltar Masters 2019"]
[Site "Caleta ENG"]
[Date "2019.01.24"]
[Round "3.77"]
[White "Tomazini,Z"]
[Black "Fuchs,Ju"]
[Result "1/2-1/2"]
[WhiteElo "2439"]
[BlackElo "2249"]

1.e4 c6 2.d4 d5 3.e5 c5 4.c4 cxd4 5.Ne2 Nc6 6.Nxd4 e6 7.Nc3 Bb4 8.Nxc6 bxc6
9.Bd3 d4 10.a3 Ba5 11.b4 dxc3 12.bxa5 Qxa5 13.Qe2 Ne7 14.O-O O-O 15.Qe4 Ng6
16.Re1 Rd8 17.Bf1 Rb8 18.h4 Qc5 19.Bg5 Rd4 20.Qc2 Qa5 21.Rac1 h6 22.Be3 Rd7
23.h5 Rb2 24.Qe4 Qxe5 25.Qg4 Ne7 26.Bxh6 Qf6 27.Bf4 Rd4 28.g3 e5 29.Qg5 exf4
30.Qxf6 gxf6 31.Rxe7 c2 32.Ree1 Bf5 33.Be2 fxg3 34.fxg3 Rb1 35.Kf2 Bh7 36.a4 a5
37.Ke3 Rd8 38.Rf1 Rb3+ 39.Kf2 Rb1 40.Bf3 Rxc1 41.Rxc1 Rd4 42.Be2 Kg7 43.Ke3 c5
44.Rf1 Rd6 45.Rc1 Kh6 46.Rf1 Kg5 47.Rc1 Rb6 48.Kd2 Rb3 49.Rg1 Ra3 50.g4 Rxa4
51.Bd3 Bxd3 52.Kxd3 Rb4 53.Rc1 Kxg4 54.h6 Kf5 55.h7 Rb3+ 56.Kxc2 Rh3 57.Rd1 Rxh7
58.Rd5+ Ke4 59.Rxc5 Kd4 60.Rxa5 Kxc4 61.Ra6 Rh6 62.Ra7 Kd5 63.Rxf7 Ke6 64.Rf8 Rh5
65.Kd3 Kf5 66.Ke3 Rh3+ 67.Kf2 Ra3 68.Rf7 Kg5 69.Rb7 Ra4 70.Kf3 Ra5 71.Rb8 Kf5
72.Rb3 Kg5 73.Rb8 Ra3+ 74.Kf2 f5 75.Rb5 Ra2+  1/2-1/2

[Event "Gibraltar Masters 2019"]
[Site "Caleta ENG"]
[Date "2019.01.24"]
[Round "3.78"]
[White "Raja,Rithvik R"]
[Black "Villar,Ju"]
[Result "1-0"]
[WhiteElo "2431"]
[BlackElo "2237"]

1.d4 Nf6 2.c4 e6 3.g3 Bb4+ 4.Bd2 c5 5.Bg2 O-O 6.Bxb4 cxb4 7.e4 d6 8.Ne2 a5
9.O-O Qc7 10.Nd2 Nc6 11.a3 bxa3 12.Rxa3 b6 13.e5 Nd7 14.exd6 Qxd6 15.Ne4 Qc7
16.d5 exd5 17.cxd5 Nb4 18.d6 Qb8 19.Nd4 Ba6 20.Re1 Qd8 21.Nf5 Ra7 22.Qd4 Nf6
23.Ne7+  1-0

[Event "Gibraltar Masters 2019"]
[Site "Caleta ENG"]
[Date "2019.01.24"]
[Round "3.79"]
[White "Solozhenkin,E"]
[Black "Dolzhikova,O"]
[Result "1-0"]
[WhiteElo "2427"]
[BlackElo "2224"]

1.d4 e6 2.Nf3 b6 3.e4 Bb7 4.Bd3 c5 5.O-O cxd4 6.Nxd4 Nc6 7.Nxc6 Bxc6 8.Qe2 Ne7
9.Bf4 Ng6 10.Bg3 Be7 11.Nc3 O-O 12.Rad1 Bc5 13.Bb5 Qg5 14.Bxc6 dxc6 15.e5 Rfd8
16.Ne4 Qe7 17.c3 b5 18.h4 Bb6 19.h5 Nf8 20.Qg4 Rxd1 21.Rxd1 Rd8 22.Rd6 Rc8
23.Bh4 Qb7 24.Bf6  1-0